000 01350cab a2200181 4500
001 L129316
008 050412n2005 000 0 eng u
035 _a(Sirsi) u129316
041 _aeng
100 _aTowler, Andrew
245 _aGetting HiP
260 _c2005
490 _aSolicitors' Journal
_v149(11) 18 March 2005, 310-313(2)
520 _aSuggests that the production of home condition reports as part of the new Home Information Pack (HIP) regime, which becomes compulsory in 2007, may offer those solicitors prepared to embrace the new conveyancing environment more business opportunities. The Law Society had campaigned against the compulsory introduction of HIPs for a number of reasons including the fear that solicitor's business could be carried out by others such as surveyors or estate agents. Discusses the establishment of the Home Information Pack Action Group to link high street solicitors to estate agents to produce HIPs.Looks at the impact of HIPs on the conveyancing industry as well as the activities of the new breed of search companies that can act as one stop shops for lawyers seeking property information. Provides website links for the main search companies.
590 _aIKA150405
690 _aPROPERTY-RESIDENTIAL PROPERTY-ACQUISITION AND DISPOSAL OF RESIDENTIAL PROPERTY-HOME BUYING REFORM
942 _n0
999 _c75060
_d75060